000 00519nam a2200181Ia 4500
005 20250508150649.0
008 008 250505s9999 xx 000 0 eng d
037 _aBooks to be hide in OPAC
040 _aFEDL
_beng
_cFEDL
041 _aeng
_2eng
084 _a370.1, REE/O
_qFEDL
100 _aReeder Ward G
_9139649
245 0 _aFirst course in education
260 _aNew York, USA
_bThe Macmillan Compnay
_c1948
300 _axvii,656p.
942 _cHB
_h370.1, REE/O
999 _c1324898
_d1324898